|
|
|
|
| LEADER |
00000nab a2200000 i 4500 |
| 001 |
publ255 |
| 005 |
20150312161856.0 |
| 008 |
150312s2006 hu o 000 zxx d |
| 022 |
|
|
|a 1418-6241
|
| 040 |
|
|
|a BGE Publikációtár Repozitórium
|b hun
|
| 100 |
1 |
|
|a Falkné Bánó Klára
|
| 245 |
1 |
0 |
|a Interkulturális útmutató nemzetközi cégek és projektek vezetői és tagjai számára
|c Falkné Bánó Klára
|h [elektronikus dokumentum]
|
| 260 |
|
|
|c 2006
|
| 300 |
|
|
|a 16-24
|
| 490 |
0 |
|
|a EU Working Papers
|v No. 1. sz.
|
| 650 |
|
4 |
|a média- és kommunikációs tudományok
|
| 695 |
|
|
|a Interkultúrális kommunikáció
|
| 695 |
|
|
|a Szervezeti kultúra
|
| 856 |
4 |
0 |
|u https://publikaciotar.uni-bge.hu/id/eprint/255/1/0601_04.pdf
|z Dokumentum-elérés
|